00631nam a2200229Ia 4500003000900000008004100009020002200050040001600072080001500088100001900103245004200122260003600164300001700200490004800217650001300265650001900278650002200297650002500319650001600344700001900360700002200379IN-BaIIA211028s9999 xx 000 0 eng d a978-0-387-98756-9 cIIA Library a530.1bCAS aCassidy, David 0aUnderstanding physicscDavid. Cassidy aNew YorkbSpringer-Verlagc2002 axxiii, 851p. aUndergraduate texts in contemporary physics aEinstein aMotion matters aRelativity theory aUnderstanding motion aWave motion aHolton, Gerald aRutherford, James